00921cam a22002651 4500001001300000003000400013005001700017008004100034010001700075035001900092040001900111042001200130050002100142100002900163245009900192250004700291260006300338300002400401502009400425504003200519650002400551650002700575700003600602999001700638sa 67003007 DLC20260227112335.0790308r19661932ii b 000 0 eng  asa 67003007  a(OCoLC)4723640 aDLCcOAkUdDLC apremarc00aHD3538b.H6 19661 aHough, Eleanor Margaret.14aThe co-operative movement in India,cby Eleanor M. Hough. With an introd. by Horace Plunkett. a5th ed., rev. and enl.bby K. Madhava Das. a[Calcutta] Indian Branch,bOxford University Press,c1966. axiv, 492 p.c22 cm. aA revision of the author's thesis, George Washington University, first published in 1932. aBibliography: p. [452]-458. 0aCooperationzIndia. 0aCooperationzPakistan.2 aMadhava Das, Kalipurayath,eed. c73586d73586